[Event "VIE-ch U09 Girls"]
[Site "Ho Chi Minh City"]
[Date "2014.07.14"]
[Round "3"]
[White "Nguyen, My Hanh An"]
[Black "Nguyen, La Gia Han"]
[Result "1/2-1/2"]
[WhiteElo "1606"]
[BlackElo "1587"]
[PlyCount "98"]
[EventDate "2014.07.13"]
[EventType "swiss"]
[EventRounds "9"]
[EventCountry "VIE"]
[SourceTitle "EXT 2016"]
[Source "ChessBase"]
[SourceDate "2015.10.08"]
[SourceVersion "1"]
[SourceVersionDate "2015.10.08"]
[SourceQuality "1"]

1. e4 e5 2. Bc4 Bc5 3. Qh5 Qf6 4. Nf3 d6 5. Qg5 h6 6. Qxf6 Nxf6 7. Nc3 0-0 8. 0-0 Nc6 9. d3 a6 10. Be3 Ba7 11. Nd5 Nxd5 12. Bxd5 Nb4 13. Bb3 Re8 14. a3 Nc6 15. Nh4 Nd4 16. Bxd4 Bxd4 17. c3 Bc5 18. Kh1 Bg4 19. f4 Re7 20. Ng6 Ree8 21. fxe5 Be6 22. Bxe6 Rxe6 23. Nf4 Re7 24. exd6 Bxd6 25. Nd5 Ree8 26. Rf3 b5 27. Raf1 c6 28. Nb4 Bxb4 29. axb4 Re7 30. h3 a5 31. bxa5 Rxa5 32. b4 Ra2 33. Rc1 Ra8 34. c4 Rb8 35. cxb5 cxb5 36. Rc5 Rbb7 37. Rc8+ Kh7 38. Rc5 Rec7 39. Rff5 Rxc5 40. Rxc5 Kg6 41. Kg1 f6 42. Kf2 Kh7 43. d4 Kg8 44. d5 Kf7 45. d6 Ke6 46. Rc7 Rxc7 47. dxc7 Kd7 48. Ke3 Kxc7 49. Kd4 Kd6 1/2-1/2

[Event "VIE-ch U09 Girls"]
[Site "Ho Chi Minh City"]
[Date "2014.07.13"]
[Round "2"]
[White "Nguyen, Ngoc Thao Nhi"]
[Black "Nguyen, My Hanh An"]
[Result "0-1"]
[WhiteElo "1566"]
[BlackElo "1606"]
[PlyCount "54"]
[EventDate "2014.07.13"]
[EventType "swiss"]
[EventRounds "9"]
[EventCountry "VIE"]
[SourceTitle "EXT 2016"]
[Source "ChessBase"]
[SourceDate "2015.10.08"]
[SourceVersion "1"]
[SourceVersionDate "2015.10.08"]
[SourceQuality "1"]

1. e4 e5 2. Nf3 Nc6 3. Bc4 Bc5 4. d3 h6 5. h3 Nf6 6. Nxe5 Nxe5 7. d4 Bxd4 8. Qxd4 Nc6 9. Qd3 0-0 10. Be3 d6 11. Nc3 Be6 12. Bxe6 fxe6 13. 0-0-0 Qe7 14. a3 Rad8 15. f4 Nh5 16. Qe2 Nxf4 17. Bxf4 Rxf4 18. Rdf1 Qg5 19. Rxf4 Qxf4+ 20. Qd2 Qxd2+ 21. Kxd2 Rf8 22. Kc1 Rf2 23. g4 Nd4 24. Rd1 Nxc2 25. Nb5 Ne3 26. Rd2 Rf1+ 27. Rd1 Rxd1# 0-1